Normal view
MARC view
- Ghosh,J.B.etal.
Entry Personal Name
001 - CONTROL NUMBER
- control field: 6471
003 - CONTROL NUMBER IDENTIFIER
- control field: OSt
005 - DATE AND TIME OF LATEST TRANSACTION
- control field: 20180219123151.0
008 - FIXED-LENGTH DATA ELEMENTS
- fixed length control field: 180219|| aca||aabn | a|a d
040 ## - CATALOGING SOURCE
- Original cataloging agency: OSt
- Transcribing agency: OSt
100 ## - HEADING--PERSONAL NAME
- Personal name: Ghosh,J.B.etal.
670 ## - SOURCE DATA FOUND
- Source citation: Work cat.: (OSt): Ghosh,J.B.etal., Hands on Maths-6, 2012